| 000 | 01175cam a22002294a 4500 | ||
|---|---|---|---|
| 005 | 20250605164045.0 | ||
| 008 | 250528s ||||||||||||||||||||||||d | ||
| 035 | _a17091 | ||
| 020 | _a133987779 | ||
| 040 |
_aGR-AtMCL _bgre _dGR-AtMCL _eAACR2 |
||
| 245 | 1 | _aThe Essence of Statistics for Business / Second Edition | |
| 250 | _a2nd | ||
| 260 |
_bPrentice Hall, _c1996 |
||
| 300 | _a274 | ||
| 520 | _aPreface, The Essence of Statistics for Business, Summarizing Data Using Tables and Graphs, Summarizing Data Numerically, Index Numbers, Probability, Probability Distributions, Using Samples to Make Estimates, Tests of Statistical Hypotheses, Tests of Goodness-of-Kit and Independence, Simple Regression and Correlation Analysis, Multiple Regression and Correlation Analysis, Analyzing Time Series Data, Appendices, Probability Distribution Tables, Computer Software for Statistical Analysis, Sources of Business and Economic Statistics, References for Further Reading, Solutions to Exercises, Index. | ||
| 700 | 1 |
_aBuckley Adrian _91011 |
|
| 700 | 1 |
_aFleming Michael C _93230 |
|
| 700 | 1 |
_aNellis Joseph G _93231 |
|
| 942 | _cBK | ||
| 999 |
_c2531 _d2531 |
||